STN EN 1301-3 Hliník a zliatiny hliníka vysokofrekvenčné švove zvárané rúry časť 2: mechanické vlastnosti

Bibliographic Details
Format: Book
Language:Undetermined
Published: Bratislava Slovenský ústav technickej normalizácie 2003
Subjects:

MARC

LEADER 00000nam a2200000 a 4500
001 vtls001471374
003 SK-MaSNL
005 20260301203715.0
008 160624s2004 xo 0 und
035 |a SNK000426677 
040 |a SNK  |b slo  |c SNK  |e AACR2 
044 |a xo  |c SK 
245 1 |a STN EN 1301-3 Hliník a zliatiny hliníka  |b vysokofrekvenčné švove zvárané rúry  |n časť 2:  |p mechanické vlastnosti 
260 |a Bratislava  |b Slovenský ústav technickej normalizácie  |c 2003 
500 |a Táto norma je slovenskou verziou EN 1502-2: 1997 
655 7 |a normy  |2 SNK  |9 70643 
999 |c 903539  |d 905469 
952 |t P60, <03>, [BOOK], {603}  |a SNK  |b SNK  |y PREZ  |7 0  |p 17A0422031  |o snkSTN EN 1592-2  |i snkN 1389/2004  |0 0  |1 0  |4 0  |d 2004-03-18  |l 0  |r 2005-01-02 00:00:00  |w 2026-02-24